Zwycięzcy lig europejskich 21/22 - Statystyki

Ogólne statystyki
  • Ten quiz został rozwiązany 64 razy
  • Średni wynik to 10 z 21
Statystyki odpowiedzi
Wzkazówka Odpowiedz % Poprawnych
La Liga Real Madryt
100%
Ligue 1 PSG
94%
Bundesliga Bayern
90%
Premier league Manchester City
90%
Seria A Milan
80%
Eredivisie Ajax
78%
Liga Nos FC Porto
67%
Ekstraklasa Lech Poznań
65%
ScottishPremiership Celtic
61%
Austriacka bundesliga RB Salzburg
53%
Pro league Club Brugge
45%
Prva hrvatska nogometna liga Dinamo Zagrzeb
27%
Superligaen FC Kopenhaga
25%
česká fotbalová liga Viktoria Pilzno
25%
Super liga Srbije Crvena Zvezda
24%
Premier Liha Szachtar
22%
Eliteserien Bodo Glimt
18%
Super Lig Trabzonspor
18%
Superleague Ellada Olympiakos
16%
Swiss super league Zurich
10%
Ligat ha’Al Maccabi Haifa
6%
Nie znaleziono quizów pasujących do podanych kryteriów
Rozkład punktacji
Procent ludzi z każdym wynikiem
Percentyl według liczby udzielonych odpowiedzi
Twoja historia wyników
Nie rozwiązałeś tego quizu